Error compensation for industrial robots / (Record no. 171825)

MARC details
000 -LEADER
fixed length control field 01017cam a2200301 i 4500
001 - CONTROL NUMBER
control field 1352414732
003 - CONTROL NUMBER IDENTIFIER
control field OSt
005 - DATE AND TIME OF LATEST TRANSACTION
control field 20250523120150.0
008 - FIXED-LENGTH DATA ELEMENTS--GENERAL INFORMATION
fixed length control field 221201s2023 si ob 000 0 eng d
020 ## - INTERNATIONAL STANDARD BOOK NUMBER
Canceled/invalid ISBN 9789811961670 (hardcover)
024 7# - OTHER STANDARD IDENTIFIER
Terms of availability USD 120.00
040 ## - CATALOGING SOURCE
Original cataloging agency YDX
Language of cataloging eng
Description conventions rda
Transcribing agency YDX
Modifying agency EBLCP
-- NUST
050 #4 - LIBRARY OF CONGRESS CALL NUMBER
Classification number TS191.8 LIA
100 1# - MAIN ENTRY--PERSONAL NAME
Personal name Liao, Wenhe
Relator term Author
245 10 - TITLE STATEMENT
Title Error compensation for industrial robots /
Statement of responsibility, etc. Wenhe Liao, Bo Li, Wei Tian, Pengcheng Li
260 ## - PUBLICATION, DISTRIBUTION, ETC.
Place of publication, distribution, etc. China : Beijing;
Name of publisher, distributor, etc. Science Press,
Date of publication, distribution, etc. ©2023
300 ## - PHYSICAL DESCRIPTION
Extent xii,241 pages :
Other physical details Illustrations ;
Dimensions 24 cm.
336 ## - CONTENT TYPE
Content type term text
Content type code txt
Source rdacontent
337 ## - MEDIA TYPE
Media type term computer
Media type code c
Source rdamedia
338 ## - CARRIER TYPE
Carrier type term online resource
Carrier type code cr
Source rdacarrier
504 ## - BIBLIOGRAPHY, ETC. NOTE
Bibliography, etc. note Includes bibliographical references
650 #0 - SUBJECT ADDED ENTRY--TOPICAL TERM
General subdivision Robots, Industrial.
650 #0 - SUBJECT ADDED ENTRY--TOPICAL TERM
General subdivision Robots --- Error detection and recovery.
700 1# - ADDED ENTRY--PERSONAL NAME
Personal name Li, Bo.
Relator term Author
700 1# - ADDED ENTRY--PERSONAL NAME
Personal name Tian, Wei.
Relator term Aothor
700 1# - ADDED ENTRY--PERSONAL NAME
Personal name Li, Pengcheng.
Relator term Author
942 ## - ADDED ENTRY ELEMENTS (KOHA)
Source of classification or shelving scheme Library of Congress Classification
Koha item type Ordinary Loan Books
Classification part TS191.8 LIA
Call number prefix TS
Call number suffix LIA
Suppress in OPAC No
Holdings
Withdrawn status Lost status Source of classification or shelving scheme Damaged status Not for loan Collection Home library Current library Shelving location Date acquired Source of acquisition Cost, normal purchase price Total Checkouts Full call number Barcode Date last seen Accession number Cost, replacement price Price effective from Koha item type Public note
    LCC     NFIC MAIN MAIN GEN 05/23/2025 Book Aid International 120.00   TS191.8 LIA 92004055716 05/23/2025 61703 120.00 05/23/2025 BOOKS Donation